Quick Pick: Anagrammed Definitions Quiz Stats

 Plays Quiz Updated Jan 15, 2019

Support Sporcle.
Go Orange.
Score 0/14 Timer 01:30
2 Plays Today
% Correct
Spandex
82.8%
Dormitory
81.7%
Wolfgang Amadeus Mozart
81.4%
Astronomer
80.4%
Clint Eastwood
77.9%
Slot Machines
76%
Statue of Liberty
75.9%
% Correct
Stormy Weather
74.5%
The Countryside
73.2%
Public Relations
70.8%
Halley's Comet
69.6%
Vacation Time
68.9%
Millionaire
67.8%
Gillian Anderson
66.2%

Today's Daily Dose

You're not logged in!

Compare scores with friends on all Sporcle quizzes.
OR
Log In
Forgot?

From the Vault

NBA Most 1,000 pt. Players by College

by jonesjeffum

Sports 6m
If you want to make this Sporcle quiz, you have to stay in school. (And be really good at Basketball)
Remove Ads.
Support Sporcle.
Get the best of Sporcle when you Go Orange. This ad-free experience offers more features, more stats, and more fun while also helping to support Sporcle. Thank you for becoming a member.

Show Comments

Extras

Top Quizzes Today


Score Distribution

Your Account Isn't Verified!

In order to create a playlist on Sporcle, you need to verify the email address you used during registration. Go to your Sporcle Settings to finish the process.

Report this User

Report this user for behavior that violates our Community Guidelines.

Details: